000 00825nam a2200205 4500
008 080401s1998 kyu b 000 0 eng d
020 _a0664255892 :Php10(AGST)
090 _aHQ734
_bB43r
_bc.2
100 1 _aBender, Sandra Gray,
_d1944-
245 1 0 _aRecreating marriage with the same old spouse :
_bleader's guide /
_cSandra Gray Bender.
260 _aLouisville, Ky. :
_bWestminster John Knox Press,
_cc1998.
300 _avi, 140 p. ;
_c23 cm.
504 _aIncludes bibliographical references (p. [139]-140).
650 4 _aCommunication in marriage
_zUnited States.
650 4 _aMarriage
_xReligious aspects
_xChristianity.
650 4 _aMarriage
_zUnited States.
650 4 _aMarried people
_xUnited States
_zPsychology.
951 _p31766
_x00036332
_oHQ734/B43r/c.2
_j080401164603734
_d2000-12-21
_cGC
999 _c31038
_d31038